Municipalities of Campania (with a map) - Statistics

General Stats
  • This quiz has been taken 980 times
    935 since last reset
  • The average score is 146 of 550
Answers on the Map
Answers color-coded by a green-red scale on the quiz's map according to % correct below.
 
Answer Stats
Comune % Correct
Napoli
98%
Salerno
95%
Avellino
94%
Benevento
94%
Caserta
94%
Capri
92%
Ischia
90%
Pompei
90%
Sorrento
90%
Pozzuoli
88%
Procida
87%
Torre del Greco
87%
Ercolano
86%
Afragola
83%
Amalfi
83%
Castellammare di Stabia
83%
Giugliano in Campania
83%
Torre Annunziata
82%
Portici
81%
Acerra
80%
Casoria
80%
Nola
80%
Anacapri
79%
Aversa
78%
Bacoli
77%
Nocera Inferiore
77%
San Giorgio a Cremano
77%
Nocera Superiore
76%
Positano
76%
Somma Vesuviana
76%
Vico Equense
76%
Battipaglia
75%
San Giuseppe Vesuviano
74%
Castel Volturno
73%
Marano di Napoli
73%
Capaccio Paestum
72%
Frattamaggiore
72%
Monte di Procida
72%
Mugnano di Napoli
72%
Ottaviano
72%
Melito di Napoli
70%
Mondragone
70%
Agerola
69%
Agropoli
69%
Ariano Irpino
69%
Boscoreale
69%
Caivano
69%
Casamicciola Terme
69%
Cava de' Tirreni
69%
Forio
69%
Frattaminore
69%
Marcianise
69%
Meta
69%
Pomigliano d'Arco
69%
Ponte
69%
Quarto
69%
San Gennaro Vesuviano
69%
Sarno
69%
Boscotrecase
68%
Capua
68%
Massa Lubrense
68%
Pollena Trocchia
68%
Sapri
68%
Scafati
68%
Volla
68%
Arzano
67%
Casalnuovo di Napoli
67%
Gragnano
67%
Piano di Sorrento
67%
Sant'Anastasia
67%
Sessa Aurunca
67%
Angri
66%
Casavatore
66%
Maiori
66%
Marigliano
66%
Teano
66%
Trecase
66%
Barano d'Ischia
65%
Cercola
65%
Palma Campania
65%
Pontecagnano Faiano
65%
Santa Maria Capua Vetere
65%
Sant'Antonio Abate
65%
Terzigno
65%
Calvi
64%
Minori
64%
Qualiano
64%
Sant'Antimo
64%
Brusciano
63%
Cicciano
63%
Maddaloni
63%
Scisciano
63%
Caianello
62%
Lettere
62%
Massa di Somma
62%
San Sebastiano al Vesuvio
62%
Villa Literno
62%
Villaricca
62%
Grumo Nevano
61%
Mariglianella
61%
Pietrelcina
61%
Sala Consilina
61%
Sant'Agnello
61%
Calvizzano
60%
Fisciano
60%
Lacco Ameno
60%
Lioni
60%
Poggiomarino
60%
Roccarainola
60%
Sant'Agata de' Goti
60%
Saviano
60%
Eboli
59%
Grottaminarda
59%
Orta di Atella
59%
Pagani
59%
Ravello
59%
Telese Terme
59%
Giffoni Valle Piana
58%
Santa Maria la Carità
58%
San Vitaliano
58%
Sparanise
58%
Airola
57%
Amorosi
57%
Avella
57%
Casal di Principe
57%
Casandrino
57%
Casola di Napoli
57%
Mercogliano
57%
Morcone
57%
San Cipriano d'Aversa
57%
Sant'Angelo dei Lombardi
57%
Siano
57%
Altavilla Irpina
56%
Apice
56%
Cardito
56%
Cetara
56%
Cimitile
56%
Acerno
55%
Baiano
55%
Bracigliano
55%
Casagiove
55%
Ceppaloni
55%
Grazzanise
55%
Piedimonte Matese
55%
Pimonte
55%
San Felice a Cancello
55%
Teverola
55%
Vallo della Lucania
55%
Vietri sul Mare
55%
Carbonara di Nola
54%
Conza della Campania
54%
Gricignano di Aversa
54%
Monteforte Irpino
54%
Montesarchio
54%
Visciano
54%
Atripalda
53%
Liveri
53%
Baronissi
52%
Castello di Cisterna
52%
Furore
52%
Mercato San Severino
52%
Polla
52%
Serino
52%
Striano
52%
San Paolo Bel Sito
51%
Torella dei Lombardi
51%
Castellabate
50%
Castel Morrone
50%
Comiziano
50%
San Prisco
50%
Serrara Fontana
50%
Tufino
50%
Crispano
49%
Laviano
49%
Pietravairano
49%
Camposano
48%
Padula
48%
San Nicola la Strada
48%
Cervinara
47%
Montella
47%
Quindici
47%
Casamarciano
46%
San Giorgio del Sannio
46%
Trentola-Ducenta
46%
Bellizzi
45%
Casapesenna
45%
Montoro
44%
Solofra
44%
Contursi Terme
43%
Parete
43%
Teora
43%
Buonalbergo
42%
San Salvatore Telesino
42%
San Tammaro
42%
Cancello ed Arnone
41%
Montesano sulla Marcellana
40%
Bellosguardo
39%
Caiazzo
39%
San Marzano sul Sarno
38%
Paduli
37%
Nusco
36%
Succivo
36%
Torrecuso
36%
Lacedonia
35%
Lauro
35%
Pollica
35%
Ascea
33%
Calitri
33%
Campagna
33%
Capodrise
33%
Caposele
33%
Laurito
33%
Vitulazio
33%
Bellona
32%
Laurino
31%
Mignano Monte Lungo
29%
San Valentino Torio
29%
Campolattaro
28%
Campora
28%
Montefusco
27%
Atena Lucana
26%
Santa Maria a Vico
26%
Casapulla
25%
San Marcellino
25%
Atrani
24%
Camerota
24%
Castel San Giorgio
24%
Roccamonfina
24%
Cellole
21%
Calabritto
20%
Casal Velino
20%
Casaluce
19%
Centola
19%
Limatola
19%
Teggiano
17%
Alife
16%
Cusano Mutri
14%
Lusciano
13%
Guardia Sanframondi
11%
Praiano
10%
Tramonti
10%
San Marco Evangelista
9%
Roccadaspide
8%
Sant'Arpino
8%
Sassano
8%
Scala
8%
Albanella
7%
Aquilonia
7%
Buccino
7%
Conca dei Marini
7%
Corbara
7%
Durazzano
7%
Giffoni Sei Casali
7%
Ogliastro Cilento
7%
Pietramelara
7%
Pisciotta
7%
Recale
7%
San Gregorio Magno
7%
San Martino Valle Caudina
7%
Sant'Egidio del Monte Albino
7%
Serre
7%
Sicignano degli Alburni
7%
Aquara
6%
Arpaia
6%
Auletta
6%
Bagnoli Irpino
6%
Buonabitacolo
6%
Calvi Risorta
6%
Cesa
6%
Curti
6%
Falciano del Massico
6%
Frignano
6%
Gioi
6%
Macerata Campania
6%
Marzano di Nola
6%
Pannarano
6%
Pignataro Maggiore
6%
Riardo
6%
Roccabascerana
6%
Roscigno
6%
Rotondi
6%
San Giovanni a Piro
6%
Solopaca
6%
Stella Cilento
6%
Vairano Patenora
6%
Valle di Maddaloni
6%
Altavilla Silentina
5%
Alvignano
5%
Apollosa
5%
Arienzo
5%
Carinaro
5%
Carinola
5%
Castelcivita
5%
Cerreto Sannita
5%
Dragoni
5%
Dugenta
5%
Formicola
5%
Frasso Telesino
5%
Gallo Matese
5%
Gioia Sannitica
5%
Liberi
5%
Mirabella Eclano
5%
Montecorvino Rovella
5%
Mugnano del Cardinale
5%
Pellezzano
5%
Pontelatone
5%
Portico di Caserta
5%
Postiglione
5%
Pratola Serra
5%
Salento
5%
San Marco dei Cavoti
5%
Santa Lucia di Serino
5%
Santa Maria la Fossa
5%
Sirignano
5%
Summonte
5%
Tufo
5%
Vallata
5%
Villa di Briano
5%
Alfano
4%
Andretta
4%
Baia e Latina
4%
Bisaccia
4%
Bucciano
4%
Capriati a Volturno
4%
Cassano Irpino
4%
Castel di Sasso
4%
Castelvenere
4%
Castiglione del Genovesi
4%
Cervino
4%
Colliano
4%
Conca della Campania
4%
Faicchio
4%
Felitto
4%
Foglianise
4%
Francolise
4%
Galluccio
4%
Gesualdo
4%
Giungano
4%
Greci
4%
Ispani
4%
Melito Irpino
4%
Moiano
4%
Montecorvino Pugliano
4%
Montemarano
4%
Montemiletto
4%
Oliveto Citra
4%
Omignano
4%
Ospedaletto d'Alpinolo
4%
Paolisi
4%
Paupisi
4%
Pertosa
4%
Pietraroja
4%
Roccapiemonte
4%
Rocchetta e Croce
4%
San Bartolomeo in Galdo
4%
San Mango Piemonte
4%
Sant'Andrea di Conza
4%
Sant'Angelo d'Alife
4%
Sant'Arsenio
4%
Sanza
4%
Senerchia
4%
Stio
4%
Tora e Piccilli
4%
Torchiara
4%
Trentinara
4%
Vibonati
4%
Vitulano
4%
Volturara Irpina
4%
Arpaise
3%
Baselice
3%
Bonea
3%
Caggiano
3%
Cairano
3%
Calvanico
3%
Camigliano
3%
Campoli del Monte Taburno
3%
Carife
3%
Casalduni
3%
Casaletto Spartano
3%
Caselle in Pittari
3%
Castel Campagnano
3%
Castelnuovo di Conza
3%
Castelpoto
3%
Castelvetere sul Calore
3%
Celle di Bulgheria
3%
Controne
3%
Fontanarosa
3%
Forchia
3%
Forino
3%
Fragneto Monforte
3%
Ginestra degli Schiavoni
3%
Guardia Lombardi
3%
Melizzano
3%
Moio della Civitella
3%
Montecorice
3%
Montefalcione
3%
Monteverde
3%
Morigerati
3%
Morra De Sanctis
3%
Novi Velia
3%
Ottati
3%
Pago del Vallo di Lauro
3%
Palomonte
3%
Paternopoli
3%
Perdifumo
3%
Pietrastornina
3%
Pontelandolfo
3%
Pratella
3%
Presenzano
3%
Puglianello
3%
Romagnano al Monte
3%
Rutino
3%
Ruviano
3%
San Gregorio Matese
3%
San Leucio del Sannio
3%
San Lorenzello
3%
San Lupo
3%
San Mango sul Calore
3%
San Mauro Cilento
3%
San Michele di Serino
3%
San Pietro Infine
3%
San Potito Ultra
3%
San Rufo
3%
Sant'Angelo a Fasanella
3%
Santomenna
3%
Santo Stefano del Sole
3%
Sassinoro
3%
Savignano Irpino
3%
Sperone
3%
Taurasi
3%
Tocco Caudio
3%
Torraca
3%
Trevico
3%
Valle dell'Angelo
3%
Valva
3%
Venticano
3%
Zungoli
3%
Aiello del Sabato
2%
Ailano
2%
Bonito
2%
Candida
2%
Cannalonga
2%
Capriglia Irpina
2%
Casalbore
2%
Casalbuono
2%
Castel Baronia
2%
Castelfranci
2%
Castelfranco in Miscano
2%
Castello del Matese
2%
Castelnuovo Cilento
2%
Castel San Lorenzo
2%
Castelvetere in Val Fortore
2%
Cautano
2%
Ceraso
2%
Cesinali
2%
Chianche
2%
Chiusano di San Domenico
2%
Cicerale
2%
Circello
2%
Colle Sannita
2%
Contrada
2%
Corleto Monforte
2%
Cuccaro Vetere
2%
Domicella
2%
Flumeri
2%
Fontegreca
2%
Fragneto l'Abate
2%
Frigento
2%
Futani
2%
Giano Vetusto
2%
Grottolella
2%
Lapio
2%
Laureana Cilento
2%
Letino
2%
Luogosano
2%
Lustra
2%
Manocalzati
2%
Molinara
2%
Montaguto
2%
Montecalvo Irpino
2%
Montefalcone di Val Fortore
2%
Monteforte Cilento
2%
Montefredane
2%
Monte San Giacomo
2%
Olevano sul Tusciano
2%
Parolise
2%
Pastorano
2%
Pesco Sannita
2%
Petina
2%
Petruro Irpino
2%
Piana di Monte Verna
2%
Pietradefusi
2%
Prata di Principato Ultra
2%
Prata Sannita
2%
Prignano Cilento
2%
Quadrelle
2%
Reino
2%
Ricigliano
2%
Rocca d'Evandro
2%
Roccagloriosa
2%
Roccaromana
2%
Rocca San Felice
2%
Rofrano
2%
Sacco
2%
Salvitelle
2%
Salza Irpina
2%
San Cipriano Picentino
2%
San Giorgio La Molara
2%
San Lorenzo Maggiore
2%
San Mauro la Bruca
2%
San Nazzaro
2%
San Nicola Baronia
2%
San Pietro al Tanagro
2%
San Potito Sannitico
2%
San Sossio Baronia
2%
Santa Croce del Sannio
2%
Santa Marina
2%
Sant'Angelo all'Esca
2%
Sant'Angelo a Scala
2%
Santa Paolina
2%
Sant'Arcangelo Trimonte
2%
Scampitella
2%
Serramezzana
2%
Sessa Cilento
2%
Sorbo Serpico
2%
Sturno
2%
Taurano
2%
Torre Le Nocelle
2%
Torre Orsaia
2%
Tortorella
2%
Valle Agricola
2%
Vallesaccarda
2%
Villamaina
2%
Villanova del Battista
2%
Castelpagano
1%
Ciorlano
1%
Foiano di Val Fortore
1%
Magliano Vetere
1%
Marzano Appio
1%
Montano Antilia
1%
Moschiano
1%
Orria
1%
Pago Veiano
1%
Perito
1%
Piaggine
1%
Raviscanina
1%
San Martino Sannita
1%
San Nicola Manfredi
1%
Sant'Angelo a Cupolo
1%
Torrioni
1%
No matching quizzes found
Score Distribution
Percent of People with Each Score
Percentile by Number Answered
Your Score History
You have not taken this quiz since the last reset